| 000 | 00533nam a2200181Ia 4500 | ||
|---|---|---|---|
| 999 |
_c30091 _d30091 |
||
| 003 | OSt | ||
| 005 | 20201221110311.0 | ||
| 008 | 190216s9999||||xx |||||||||||||| ||und|| | ||
| 020 | _a9788192238494 | ||
| 040 | _coclc | ||
| 082 |
_a894.8121 _bMAN/M |
||
| 100 |
_aManoj, M B _97712 |
||
| 245 | 0 |
_aMuditha : _bMalayathile Dalit Penkavithakal / _cM B Manoj |
|
| 260 |
_bVidyarthi Publications, _c2014. _aCalicut: |
||
| 300 | _a128p | ||
| 650 | _aKavithakal | ||
| 942 |
_cBK _2ddc _h894.8121 _iMAN/M _k894.8121 _mMAN/M |
||